Statistics for Best Pictures by Runners-Up

Click here to take the quiz!

General Stats

  • This quiz has been taken 8 times
  • The average score is 12 of 20

Answer Stats

Runners-UpWinner% Correct
Brokeback Mountain; Capote; MunichCrash
88%
Four Weddings and a Funeral; Pulp Fiction; The Shawshank RedemptionForrest Gump
75%
E.T. the Extra-Terrestrial; Tootsie; The VerdictGandhi
75%
Cabaret; Deliverance; The EmigrantsThe Godfather
75%
Father of the Bride; King Solomon's Mines; Sunset BoulevardAll About Eve
63%
The Killing Fields; A Passage to India; Places in the HeartAmadeus
63%
Julius Caesar; Roman Holiday; ShaneFrom Here to Eternity
63%
The Magnificent Ambersons; The Pride of the Yankees; Yankee Doodle DandyMrs. Miniver
63%
The Fugitive; The Piano; The Remains of the DaySchindler's List
63%
The Alamo; Elmer Gantry; The SundownersThe Apartment
63%
Broadcast News, Fatal Attraction, MoonstruckThe Last Emperor
63%
American Graffiti; The Exorcist; A Touch of ClassThe Sting
63%
Cleopatra; How the West Was Won; Lilies of the FieldTom Jones
63%
Gosford Park; The Lord of the Rings: The Fellowship of the Ring; Moulin Rouge!A Beautiful Mind
50%
The Music Man; Mutiny on the Bounty; To Kill a MockingbirdLawrence of Arabia
50%
The Caine Mutiny; Seven Brides for Seven Brothers; Three Coins in the FountainOn the Waterfront
50%
Black Swan; Inception; The Social NetworkThe King's Speech
50%
Call Me by Your Name; Get Out; Three Billboards Outside Ebbing, MissouriThe Shape of Water
50%
The Aviator; Finding Neverland; RayMillion Dollar Baby
38%
The Barretts of Wimpole Street; The Gay Divorcee; The Thin ManIt Happened One Night
25%

Score Distribution

Percentile by Number Answered

Percent of People with Each Score

Your Score History

You have not taken this quiz